• 首页
  • 本馆介绍
  • 公告通知
  • 最新文献
  • 馆藏检索
  • 电子资源
  • 读者导购
  • 参考咨询
  • 我的图书馆
  • 登录
  • 详细信息显示
  • 放入我的书架
  • 预约/预借图书
  • 作者相关作品
  • 分类相关作品
  • 丛书相关作品
  • 出版社相关作品

书目信息

  • 表格格式
  • 工作单格式
  • 卡片格式
题名:
柳宗元《非国语》评注
    
 
作者: ;湖南省法家著作注释研究班柳宗元《非国语》评注组 编
分册:  
出版信息: 北京   人民出版社  1976
页数: 260页
开本: 19cm
丛书名:
单 册:
中图分类: B241.9
科图分类:
主题词: 法家--中国--唐代
电子资源:
ISBN:
000 00861nam0 2200229 45
001 0176000353
005 20060817104228.65
010    @dCNY0.65
100    @a19951214d1976 em y0chiy0121 ea
101 0  @achi
102    @aCN@b110000
105    @ay z 000yy
200 10 @a柳宗元《非国语》评注@Aliu zong yua fei guo yu yi zhu@f湖南省法家著作注释研究班柳宗元《非国语》评注组编@Fhu nan sheng fa jia zhu zuo zhu shi yan jiu ban liu zong yuan《fei guo yu》ping zhu zu bian
210    @a北京@c人民出版社@d1976
215    @a260页@d19cm
600  0 @a柳宗元@x著作研究
606    @a法家@y中国@z唐代
690    @aB241.9@v3
711  0 @a湖南省法家著作注释研究班柳宗元《非国语》评注组@Ahu nan sheng fa jia zhu zuo zhu shi yan jiu ban liu zong yuan《fei guo yu》ping zhu zu@4编
801  2 @aCN@bNLC@c20060817
801  0 @aCN@bTSSF@c20060630
905    @a10447@dB241.9@e3
    
    柳宗元《非国语》评注/湖南省法家著作注释研究班柳宗元《非国语》评注组编.-北京:人民出版社,1976
    260页;19cm
    
    
    ISBN :CNY0.65
    
●
相关链接 在E读中查询图书 在五车中查询图书 在当当中查询图书 在豆瓣中查询图书


正题名:柳宗元《非国语》评注     索取号:B241.9/3         预约/预借

序号 登录号 条形码 馆藏地/架位号 状态 备注
1 0421399   204213993   密集书库/ [索取号:B241.9/3] 在馆    
2 0421402   204214028   密集书库/ [索取号:B241.9/3] 在馆    
3 0421411   204214117   密集书库/ [索取号:B241.9/3] 在馆    
4 0421412   204214126   密集书库/ [索取号:B241.9/3] 在馆    
5 0421413   204214135   密集书库/ [索取号:B241.9/3] 在馆    
6 0421414   204214144   密集书库/ [索取号:B241.9/3] 在馆    
7 0465323   204653231   密集书库/ [索取号:B241.9/3] 在馆    
8 0465324   204653240   密集书库/ [索取号:B241.9/3] 在馆    
唐山师范学院图书馆 欢迎您!
大连网信软件有限公司© 版权所有